000 01275nam a2200313 a 4500
001 ebr10222918
003 CaPaEBR
006 m u
007 cr cn|||||||||
008 081204s2008 gw ac s 000 0 eng d
010 _z 2007936093
020 _z9780387716749
020 _z9780387739984
040 _aCaPaEBR
_cCaPaEBR
035 _a(OCoLC)607346914
050 1 4 _aQB982
_b.R38 2008eb
100 1 _aRatcliffe, Martin.
245 1 0 _aState of the Universe 2008
_h[electronic resource] :
_bnew images, discoveries and events /
_cMartin Ratcliffe.
260 _aBerlin :
_bSpringer ;
_aChichester, U.K. :
_bPraxis Pub.,
_c2008.
300 _aviii, 183 p. :
_bcol. ill., col. ports.
490 1 _aSpringer-Praxis Books in popular astronomy
533 _aElectronic reproduction.
_bPalo Alto, Calif. :
_cebrary,
_d2013.
_nAvailable via World Wide Web.
_nAccess may be limited to ebrary affiliated libraries.
650 0 _aAstronomy
_vPopular works.
650 0 _aSpace sciences
_vPopular works.
655 7 _aElectronic books.
_2local
710 2 _aebrary, Inc.
830 0 _aSpringer-Praxis books in popular astronomy.
856 4 0 _uhttp://site.ebrary.com/lib/rucke/Doc?id=10222918
_zAn electronic book accessible through the World Wide Web; click to view
999 _c132102
_d132102